| 000 | 01023nam a2200229Ia 4500 | ||
|---|---|---|---|
| 003 | IN-BaIIA | ||
| 008 | 211028s9999 xx 000 0 eng d | ||
| 020 | _a90-277-2563-2 | ||
| 040 | _cIIA Library | ||
| 080 |
_a524.575(082.2) _bPHY |
||
| 111 |
_aNATO Advanced Study Institute Workshop on Physical Processes in Interstellar Clouds _cIrsee, FRG _d1986 Aug. 18-28 _915930 |
||
| 245 | 0 |
_aPhysical processes in interstellar clouds _bproceedings of the NATO advanced study institute workshop on physical processes in interstellar clouds, held in Irsee, FRG, 18-28 Aug 1986 _cedited by G. E. Morfill |
|
| 260 |
_aDordrecht _bD. Reidel Publishing _c1987 |
||
| 300 | _ax, 554p. | ||
| 490 | _aNATO ASI series. Series C : mathematical and physical scienc | ||
| 650 | _aAstronomy and astrophysics Thesaurus | ||
| 650 |
_aInterstellar clouds _915931 |
||
| 650 |
_aInterstellar matter _91189 |
||
| 700 |
_aMorfill, G. E., ed. _915932 |
||
| 700 |
_aScholer, M., ed. _915933 |
||
| 942 | _cBK | ||
| 999 |
_c9464 _d9464 |
||